Mis "hermanos" asesinos : el estremecedor relato de un periodista que logró filtrarse en células de Al-Qaeda /

El autor de esta obra es un periodista argelino -actualmente residente en Francia- que vivió en carne propia un atentado al periódico donde trabajaba en 1996. El hecho lo sensibilizó particularmente ante el problema del fundamentalismo islámico y lo llevó, tras los atentados del 11 de septiembre, a...

Description complète

Enregistré dans:
Détails bibliographiques
Auteur principal: Sifaoui, Mohamed (autor)
Format: Livre
Langue:espagnol
Publié: México : Aguilar, 2003, c2003
Sujets:
Tags: Ajouter un tag
Pas de tags, Soyez le premier à ajouter un tag!

MARC

LEADER 00000nam^a2200000^a^4500
001 000153460
005 20250521000000.0
009 20260310100319.428
020 |a 968-19-1294-2 
037 |a Acervo ITESO - Biblioteca 
041 |a ESP 
082 |a 363. 32  |b SIF 
100 |a Sifaoui, Mohamed  |e (autor) 
245 1 0 |a Mis "hermanos" asesinos :  |b el estremecedor relato de un periodista que logró filtrarse en células de Al-Qaeda /  |c M. Sifaoui ; tr. por María Andrea Giovine Yáñez. 
264 4 |a México :  |b Aguilar,  |c 2003, c2003 
300 |a 140 p. 
336 |a texto  |b txt  |2 rdacontenido 
337 |a sin mediación  |b n  |2 rdamedio 
338 |a volumen  |b nc  |2 rdasoporte 
520 |a El autor de esta obra es un periodista argelino -actualmente residente en Francia- que vivió en carne propia un atentado al periódico donde trabajaba en 1996. El hecho lo sensibilizó particularmente ante el problema del fundamentalismo islámico y lo llevó, tras los atentados del 11 de septiembre, a infiltrarse en un grupo de Al-Qaeda. El texto reproduce el diario que llevó mientras estuvo en el grupo y tiene la intención de poner de manifiesto la estructura interna de Al-Qaeda y, paralelamente, evidenciar que se trata de una minoría dentro de la población musulmana; como señala en el prólogo, los mismos países islámicos sufren la violencia fundamentalista. 
649 |a XX 
650 |a Terrorismo 
650 |a Violencia Política 
650 |a Guerra y Paz 
650 |a Islamismo 
650 |a Fundamentalismo Político 
650 |a Fundamentalismo Religioso 
650 |a Relaciones Internacionales 
650 |a Seguridad Internacional 
650 |a Sociología Política 
650 |a Política y Religión 
650 |a Política -  |x Historia -  |y 2000-2009 
650 |a Política Internacional 
650 |a Política -  |x Historia -  |y Siglo XXI 
650 |a Historia Moderna -  |y Siglo XX 
650 |a Historia Universal 
910 |a Fondo General 
920 |a Impresos - Libros 
930 |a Colección General 
905 |a 101 
901 |a 0500082076  |b IT1  |c ACC  |u 20250521 
902 |a https://opac.biblio.iteso.mx/vufind/Record/000153460